An inquiry about the theoretical and philosophical frameworks used in “a practical field guide to conducting nursing research in low-and middle-income countries” (Record no. 317004)
[ view plain ]
| 000 -LEADER | |
|---|---|
| fixed length control field | 00424nam a2200121Ia 4500 |
| 008 - FIXED-LENGTH DATA ELEMENTS--GENERAL INFORMATION | |
| fixed length control field | 170224s9999 xx 000 0 und d |
| 245 #3 - TITLE STATEMENT | |
| Title | An inquiry about the theoretical and philosophical frameworks used in “a practical field guide to conducting nursing research in low-and middle-income countries” |
| 260 ## - PUBLICATION, DISTRIBUTION, ETC. (IMPRINT) | |
| Name of publisher, distributor, etc | Nursing Outlook |
| 260 ## - PUBLICATION, DISTRIBUTION, ETC. (IMPRINT) | |
| Date of publication, distribution, etc | 2016 |
| 300 ## - PHYSICAL DESCRIPTION | |
| Extent | 64:1 |
| 500 ## - GENERAL NOTE | |
| General note | January-February |
| 650 ## - SUBJECT ADDED ENTRY--TOPICAL TERM | |
| General subdivision | Nursing. |
| Withdrawn status | Lost status | Damaged status | Home library | Current library | Date acquired | Total Checkouts | Date last seen | Price effective from | Koha item type |
|---|---|---|---|---|---|---|---|---|---|
| College Library | College Library | 02/24/2017 | 02/24/2017 | 02/24/2017 | Periodicals |